| 000 | 00000nam##2200000za#4500 |
| 001 | 9.662430 |
| 003 | CaOODSP |
| 005 | 20210615120540 |
| 007 | ta |
| 008 | 150407|2001||||xxc||||| f|0| 0 fre|d |
| 020 | |a0-662-65430-7 |
| 040 | |aCaOODSP|bfre |
| 041 | |aeng |
| 041 | |afre |
| 043 | |an-cn--- |
| 086 | 1 |aCi51-99/2001 |
| 110 | 1 |aCanada. |bCitoyenneté et immigration Canada. |
| 245 | 10|aAu service du Canada et du monde |
| 260 | |aOttawa - Ontario : |bCitoyenneté et Immigration Canada |c2001. |
| 300 | |aTexte français, 8p. : |bill. ; |c28 cm. |
| 546 | |aBilingue |
| 563 | |aCouverture souple |
| 590 | |a02-02|b2002-01-11 |
| 691 | 07|aImmigration|2gcpds |
| 691 | 07|aServices gouvernementaux|2gcpds |
| 776 | 0#|tCitoyenneté et immigration Canada : |w(CaOODSP)9.639758 |
| 776 | 0#|tCitizenship and Immigration Canada : |w(CaOODSP)9.695626 |
| 791 | |tServing Canada and the world |eeng|w(CaOODSP)9.662429 |